000
00283nam a2200109Ia 4500
008
230907s9999||||xx |||||||||||||| ||und||
082
_a
519.6
_b
CHO
100
_a
Chong, Edwin Kah Pin.
_9
98745
245
3
_a
An introduction to optimization /
300
_a
xv, 622 pages :
942
_c
BK
999
_c
599864
_d
599864